La utopía del concepto del pueblo. Parte 4: esperanza cristiana, proyecto histórico y dimensión utópica de la liberación /

Uloženo v:
Podrobná bibliografie
Hlavní autor: Batista Guerra, Israel
Korporativní autor: Encuentro de científicos sociales y teólogos sobre el tema "El discernimiento de las utopías", 2 / Israel Batista Guerra
Médium: Konferenční příspěvek
Tagy: Přidat tag
Žádné tagy, Buďte první, kdo vytvoří štítek k tomuto záznamu!

MARC

LEADER 00000 a a2200000 04500
001 45050
003
040
100 |a Batista Guerra, Israel  
111 |a Encuentro de científicos sociales y teólogos sobre el tema "El discernimiento de las utopías", 2 /  |c Israel Batista Guerra 
245 |a La utopía del concepto del pueblo. Parte 4: esperanza cristiana, proyecto histórico y dimensión utópica de la liberación /  |c Israel Batista Guerra  
773 |g páginas 359-382  
999 |c 39429  |d 39429